[Event "Volga 2012"]
[Site "?"]
[Date "2013.01.05"]
[Round "6.8"]
[White "Liadov, Anton."]
[Black "Kolosov, Anatoliy."]
[Result "0-1"]
[WhiteElo "1655"]
[BlackElo "1912"]
[PlyCount "68"]

1. e4 Nf6 2. e5 Nd5 3. c4 Nb6 4. d4 d6 5. exd6 exd6 6. d5 Be7 7. Nc3 O-O 8. h3
Bf6 9. Qb3 Bf5 10. Be3 N8d7 11. O-O-O Re8 12. Nf3 a5 13. g4 Bg6 14. g5 Bxc3 15.
Qxc3 Na4 16. Qd2 Qe7 17. Nh4 Qe4 18. Nxg6 Qxh1 19. Bd3 Qxh3 20. Nf4 Qf3 21. Rg1
Nac5 22. Bc2 Ne4 23. Qe1 Nxf2 24. Qxf2 Qxe3+ 25. Qxe3 Rxe3 26. Kd2 Rae8 27. Ba4
R3e7 28. Rg2 Rd8 29. Nd3 Nb6 30. Bb5 c6 31. dxc6 bxc6 32. Bxc6 Nxc4+ 33. Kc3
Ne3 34. Re2 Rc8 0-1

[Event "Volga 2012"]
[Site "?"]
[Date "2013.01.05"]
[Round "6.9"]
[White "Gabunov, Fail."]
[Black "Tsai, Roman."]
[Result "1/2-1/2"]
[WhiteElo "1826"]
[BlackElo "1822"]
[PlyCount "60"]

1. d4 e6 2. c4 f5 3. g3 c6 4. Bg2 Nf6 5. Nc3 d5 6. cxd5 exd5 7. Nf3 Bb4 8. Bd2
O-O 9. Ne5 Nbd7 10. f4 Nb6 11. b3 c5 12. Nd3 Bxc3 13. Bxc3 c4 14. Ne5 Ne4 15.
Bxe4 fxe4 16. Ba5 Be6 17. Rc1 Rc8 18. e3 Qd6 19. Qd2 cxb3 20. O-O Rxc1 21. Rxc1
Rc8 22. axb3 Qa3 23. Rxc8+ Bxc8 24. Bxb6 axb6 25. g4 h5 26. h3 hxg4 27. hxg4 g6
28. Qc2 Be6 29. Qh2 Qb4 30. Qf2 Qe7 1/2-1/2

[Event "Volga 2012"]
[Site "?"]
[Date "2013.01.05"]
[Round "6.12"]
[White "Pegov, Valery."]
[Black "Sounov, Batyr."]
[Result "1-0"]
[WhiteElo "1630"]
[BlackElo "1886"]
[PlyCount "91"]

1. e4 c5 2. Nf3 Nc6 3. d4 cxd4 4. Nxd4 d5 5. exd5 Qxd5 6. Be3 e5 7. Nc3 Qa5 8.
Ndb5 a6 9. Nd6+ Bxd6 10. Qxd6 Be6 11. Qc5 Qxc5 12. Bxc5 f5 13. O-O-O Nf6 14.
Be2 Kf7 15. Rd6 Rhd8 16. Rhd1 Rxd6 17. Rxd6 Rd8 18. a3 Rxd6 19. Bxd6 g5 20. Na4
Bd5 21. f3 Ke6 22. Bc5 b5 23. Nb6 Nd7 24. Nxd7 Kxd7 25. a4 Bc4 26. Bxc4 bxc4
27. Kd2 Ke6 28. b4 Kd5 29. Kc3 h5 30. Bb6 g4 31. b5 axb5 32. axb5 Nd4 33. Bxd4
exd4+ 34. Kb4 h4 35. fxg4 h3 36. g3 fxg4 37. b6 d3 38. cxd3 cxd3 39. Kc3 Ke4
40. Kd2 Kf3 41. b7 Kg2 42. b8=Q Kxh2 43. Qf4 Kg2 44. Qxg4 h2 45. Qh4 Kf1 46. g4
1-0

[Event "Volga 2012"]
[Site "?"]
[Date "2013.01.05"]
[Round "6.13"]
[White "Anikin, Victor."]
[Black "Nikitin, Dmitry."]
[Result "0-1"]
[WhiteElo "1801"]
[BlackElo "1783"]
[PlyCount "86"]

1. e3 e5 2. Be2 d5 3. d3 f5 4. Nd2 Nf6 5. Nf1 c5 6. h4 Nc6 7. Nh3 Bd6 8. g3 Bd7
9. f4 Qc7 10. Ng5 Ng4 11. Nh2 h6 12. Nh3 O-O-O 13. Nxg4 fxg4 14. Bxg4 Rde8 15.
O-O exf4 16. exf4 Nd4 17. Bxd7+ Qxd7 18. Nf2 h5 19. c3 Nf5 20. Kg2 g5 21. hxg5
h4 22. g4 Ne3+ 23. Bxe3 Rxe3 24. Nh1 Rhe8 25. Rf2 Re1 26. Qxe1 Rxe1 27. Rxe1
Qxg4+ 28. Kf1 Bxf4 29. g6 Qh3+ 30. Kg1 Be3 31. Rxe3 Qxe3 32. Kh2 Qe5+ 33. Kg1
h3 34. Rf8+ Kc7 35. Rf7+ Kb6 36. g7 Qg5+ 37. Kf2 Qg2+ 38. Ke3 Qg5+ 39. Kf2 d4
40. cxd4 cxd4 41. Ke1 Qe3+ 42. Kd1 Qxd3+ 43. Kc1 Qc4+ 0-1

[Event "Volga 2012"]
[Site "?"]
[Date "2013.01.05"]
[Round "6.17"]
[White "Agapchev, Andrey."]
[Black "Breskanu, Nikita."]
[Result "1-0"]
[WhiteElo "1648"]
[BlackElo "1442"]
[PlyCount "79"]

1. d4 d5 2. Nf3 Nf6 3. Bf4 Bf5 4. e3 e6 5. c3 Nbd7 6. Nbd2 Be7 7. Ne5 Nxe5 8.
dxe5 Nd7 9. Nf3 c5 10. h3 O-O 11. Qd2 Qb6 12. Be2 h6 13. b3 f6 14. Bd3 fxe5 15.
Bxe5 Bd6 16. Bxf5 Rxf5 17. Bxd6 Qxd6 18. Rd1 Raf8 19. e4 Rxf3 20. gxf3 Ne5 21.
Kf1 Nxf3 22. Qe3 Nh2+ 23. Kg2 Nf3 24. exd5 exd5 25. Kf1 Qc6 26. Qd3 d4 27. cxd4
Nxd4 28. Rg1 Rf3 29. Qc4+ Kh7 30. Rxd4 cxd4 31. Qxd4 Rf6 32. Rg3 Qh1+ 33. Ke2
Qb1 34. Qd3+ Qxd3+ 35. Rxd3 Rf7 36. f3 Kg6 37. Kf2 Kf5 38. Kg3 Re7 39. Rd5+ Ke6
40. Rd4 1-0

[Event "Volga 2012"]
[Site "?"]
[Date "2013.01.06"]
[Round "7.1"]
[White "Beldyugin, Alexey."]
[Black "Ulanov, Alexander."]
[Result "1/2-1/2"]
[WhiteElo "2063"]
[BlackElo "2393"]
[PlyCount "117"]

1. e4 c6 2. d4 d5 3. exd5 cxd5 4. Bd3 Nc6 5. c3 Qc7 6. Ne2 Bg4 7. h3 Bh5 8. Bf4
Qxf4 9. Nxf4 Bxd1 10. Kxd1 e6 11. Bb5 Nge7 12. Nd2 a6 13. Be2 Nf5 14. g4 Nd6
15. Nd3 O-O-O 16. Kc2 Ne4 17. Bf3 f5 18. Nf4 Rd6 19. Nxe4 fxe4 20. Be2 Be7 21.
Rhf1 Rf8 22. Ng2 e5 23. dxe5 Rh6 24. f3 Rxh3 25. fxe4 Rh2 26. Rxf8+ Bxf8 27.
Bf1 Nxe5 28. exd5 Nxg4 29. Re1 Bc5 30. Kb3 Nf6 31. Nf4 Bd6 32. Ne6 Nd7 33. Re2
Rxe2 34. Bxe2 g6 35. Kc4 h5 36. Kd4 Kb8 37. Ng5 Bf4 38. Ne6 Bc1 39. b3 h4 40.
Nc5 Kc7 41. Nxd7 Kxd7 42. Ke5 Bb2 43. Bg4+ Kd8 44. Kf6 Bxc3+ 45. Kxg6 Kc7 46.
Kf5 Kd6 47. Ke4 b5 48. Be6 Bf6 49. Bc8 a5 50. a4 Kc5 51. Bg4 Kb4 52. axb5 Kxb3
53. b6 Bd8 54. b7 Bc7 55. Bd7 Kc4 56. Kf3 h3 57. Bxh3 a4 58. d6 Bxd6 59. Be6+
1/2-1/2

[Event "Volga 2012"]
[Site "?"]
[Date "2013.01.06"]
[Round "7.2"]
[White "Samborskiy, Vadim."]
[Black "Mirzaev, Aziz."]
[Result "0-1"]
[WhiteElo "2110"]
[BlackElo "2164"]
[PlyCount "72"]

1. e4 c5 2. c3 d5 3. exd5 Qxd5 4. d4 Nf6 5. Nf3 e6 6. Be2 Nc6 7. O-O Be7 8. Na3
O-O 9. Nb5 Qd8 10. dxc5 Bxc5 11. b4 Be7 12. Qb3 a6 13. Rd1 Bd7 14. Nbd4 Qc7 15.
Nc2 Rac8 16. c4 e5 17. Bb2 Be6 18. Ng5 Bf5 19. Ne3 Bg6 20. a3 Rcd8 21. Nf3 e4
22. Nh4 Qf4 23. Nxg6 fxg6 24. g3 Qb8 25. c5+ Kh8 26. Qe6 Rde8 27. Qb3 Ne5 28.
Qc3 Bd8 29. Nc4 Nxc4 30. Bxc4 Bc7 31. Be2 Be5 32. Qb3 g5 33. Rac1 e3 34. Bxe5
exf2+ 35. Kxf2 Qxe5 36. Rd2 Ne4+ 0-1

[Event "Volga 2012"]
[Site "?"]
[Date "2013.01.06"]
[Round "7.3"]
[White "Olisov, Andrey."]
[Black "Dobrocmyslov, Artem."]
[Result "1-0"]
[WhiteElo "2158"]
[BlackElo "1793"]
[PlyCount "41"]

1. e4 e6 2. d3 d5 3. Nd2 c5 4. Ngf3 Nc6 5. g3 Nf6 6. Bg2 Be7 7. O-O O-O 8. Re1
b6 9. e5 Nd7 10. Nf1 Qc7 11. Bf4 Ba6 12. h4 b5 13. N1h2 d4 14. Ng4 Nb6 15. Nf6+
Kh8 16. Ng5 g6 17. Ngxh7 Rac8 18. Nxf8 Bxf8 19. h5 Ne7 20. hxg6 fxg6 21. Qg4
1-0

[Event "Volga 2012"]
[Site "?"]
[Date "2013.01.06"]
[Round "7.4"]
[White "Triapkin, Pavel."]
[Black "Nikonova, Irina."]
[Result "1-0"]
[WhiteElo "2305"]
[BlackElo "1982"]
[PlyCount "55"]

1. e4 Nc6 2. d4 d6 3. Nf3 Bg4 4. Bb5 a6 5. Ba4 b5 6. Bb3 Nf6 7. Bg5 Qd7 8. Bxf6
gxf6 9. c3 Na5 10. Bc2 Bh6 11. a4 O-O 12. h3 Bh5 13. g4 Bg6 14. Nh4 e6 15. O-O
Bg5 16. Ng2 h5 17. f4 Bh6 18. g5 fxg5 19. f5 exf5 20. exf5 Kg7 21. axb5 axb5
22. fxg6 f5 23. b4 f4 24. Rxa5 Qxh3 25. Rxa8 Rxa8 26. Qe2 Qd7 27. Qxh5 Ra2 28.
Qe2 1-0

[Event "Volga 2012"]
[Site "?"]
[Date "2013.01.06"]
[Round "7.5"]
[White "Saveliev, Dmitry."]
[Black "Mironov, Vitalij."]
[Result "1/2-1/2"]
[WhiteElo "2109"]
[BlackElo "1883"]
[PlyCount "67"]

1. d4 d5 2. Nf3 Nf6 3. c4 e6 4. Nc3 c6 5. Bg5 Be7 6. e3 Nbd7 7. cxd5 exd5 8.
Bd3 O-O 9. Qc2 Re8 10. O-O h6 11. Bh4 Ne4 12. Bxe7 Qxe7 13. Bxe4 dxe4 14. Nd2
Nf6 15. Rfc1 Bf5 16. Rab1 Nd5 17. Nxd5 cxd5 18. Qb3 Be6 19. Rc5 Rec8 20. Rbc1
Qd7 21. Nb1 f5 22. Qb4 b6 23. Rxc8+ Rxc8 24. Rxc8+ Qxc8 25. Nc3 Qd7 26. g3 g5
27. Qb5 Qxb5 28. Nxb5 a5 29. Nc7 Kf7 30. Kf1 Ke7 31. h3 Kd7 32. Nxe6 Kxe6 33.
g4 b5 34. Kg2 1/2-1/2

[Event "Volga 2012"]
[Site "?"]
[Date "2013.01.06"]
[Round "7.6"]
[White "Kolosov, Anatoliy."]
[Black "Abdurahmanov, Afer."]
[Result "1-0"]
[WhiteElo "1912"]
[BlackElo "1697"]
[PlyCount "119"]

1. e4 e6 2. Qe2 b6 3. Nf3 Bb7 4. g3 Nf6 5. d3 h6 6. Bg2 Nc6 7. O-O e5 8. c4 Bd6
9. Nc3 a6 10. Nd5 Nxd5 11. exd5 Ne7 12. Nxe5 O-O 13. d4 Re8 14. Qh5 Bxe5 15.
dxe5 Ng6 16. f4 c6 17. Bd2 b5 18. b3 Qb6+ 19. Kh1 Qc5 20. Rac1 Qa3 21. Rc2 Rac8
22. d6 a5 23. c5 a4 24. Be4 axb3 25. axb3 Qxb3 26. Bxg6 fxg6 27. Qxg6 Qd5+ 28.
Kg1 Ra8 29. Be1 b4 30. Bf2 Ba6 31. Rcc1 Bxf1 32. Rxf1 b3 33. Qf5 Red8 34. Qb1
Ra2 35. Rd1 Qf7 36. f5 Rda8 37. e6 dxe6 38. d7 Qxf5 39. Qxf5 exf5 40. d8=Q+
Rxd8 41. Rxd8+ Kf7 42. Rb8 b2 43. Kg2 Ke6 44. Kf3 Kd5 45. h4 Kc4 46. Be3 Kc3
47. h5 Kc2 48. Kf4 Ra3 49. Bd4 b1=Q 50. Rxb1 Kxb1 51. Bxg7 Ra5 52. Bf8 Kc2 53.
Kxf5 Kd3 54. Kg6 Ke4 55. Kxh6 Kf5 56. Bd6 Kf6 57. g4 Ra8 58. g5+ Kf7 59. g6+
Kg8 60. Kg5 1-0

[Event "Volga 2012"]
[Site "?"]
[Date "2013.01.06"]
[Round "7.9"]
[White "Nikitin, Dmitry."]
[Black "Seyfutdinov, Rustam."]
[Result "0-1"]
[WhiteElo "1783"]
[BlackElo "1893"]
[PlyCount "70"]

1. e4 e6 2. d4 d5 3. e5 c5 4. c3 Nc6 5. Nf3 Qb6 6. a3 a5 7. b3 cxd4 8. cxd4 f6
9. Bb2 Bd7 10. Be2 Be7 11. O-O Nh6 12. Nc3 Nf7 13. Na4 Qc7 14. Rc1 O-O 15. Re1
b6 16. Bb5 fxe5 17. Nxe5 Nfxe5 18. dxe5 Qb7 19. Bxc6 Bxc6 20. Bd4 Bxa4 21. bxa4
Bxa3 22. Rb1 Bb4 23. Re3 b5 24. Qg4 Rf5 25. Bc3 Bxc3 26. Rxc3 b4 27. Rc5 Rc8
28. Rbc1 Rxc5 29. Rxc5 Rxe5 30. Qd1 Qb6 31. Rc8+ Kf7 32. Qc1 b3 33. Qf4+ Rf5
34. Qb8 Qxf2+ 35. Kh1 Qf1# 0-1

[Event "Volga 2012"]
[Site "?"]
[Date "2013.01.06"]
[Round "7.11"]
[White "Tsai, Roman."]
[Black "Pegov, Valery."]
[Result "1-0"]
[WhiteElo "1822"]
[BlackElo "1630"]
[PlyCount "41"]

1. e4 d6 2. d4 g6 3. Bc4 Nf6 4. Nc3 Bg7 5. Nf3 O-O 6. O-O a6 7. a4 Re8 8. e5
dxe5 9. Nxe5 e6 10. Bg5 h6 11. Bh4 g5 12. Bg3 Bd7 13. Bd3 Nc6 14. Ne4 Nxd4 15.
Nxf6+ Bxf6 16. Qh5 Bxe5 17. Bxe5 Nf5 18. g4 Nh4 19. Bh7+ Kf8 20. Qxh6+ Ke7 21.
Qxg5+ 1-0

[Event "Volga 2012"]
[Site "?"]
[Date "2013.01.06"]
[Round "7.12"]
[White "Liadov, Anton."]
[Black "Drozhdin, Vladimir."]
[Result "0-1"]
[WhiteElo "1655"]
[BlackElo "1737"]
[PlyCount "76"]
[EventDate "2013.??.??"]

1. e4 d6 2. d4 Nf6 3. Nc3 g6 4. Nf3 Bg7 5. Bc4 O-O 6. O-O c6 7. Bg5 b5 8. Bxf6
Bxf6 9. Be2 Bg7 10. Rb1 a5 11. d5 b4 12. Na4 c5 13. c3 Bd7 14. c4 Bxa4 15. Qxa4
Nd7 16. Qd1 Nb6 17. Qc2 Qd7 18. Bd1 a4 19. a3 b3 20. Qd3 f5 21. exf5 Qxf5 22.
Qxf5 Rxf5 23. Be2 Raf8 24. Bd3 Rf4 25. Rfc1 Rg4 26. Kf1 Rgf4 27. Ke2 Nd7 28.
Rf1 Bd4 29. Nxd4 Rxd4 30. Ke3 Ne5 31. Be2 Nxc4+ 32. Bxc4 Rxc4 33. Rbc1 Rd4 34.
Rcd1 Rff4 35. f3 Kf7 36. g3 Rxd1 37. Rxd1 Rd4 38. Rd2 Kf6 0-1

[Event "Volga 2012"]
[Site "?"]
[Date "2013.01.06"]
[Round "7.15"]
[White "Agapchev, Andrey."]
[Black "Anikin, Victor."]
[Result "1-0"]
[WhiteElo "1648"]
[BlackElo "1801"]
[PlyCount "37"]

1. e4 g6 2. d4 d6 3. Nf3 Nd7 4. Bc4 Bg7 5. O-O Nf8 6. Nc3 c6 7. a4 b6 8. Qe2 e6
9. Bd2 h5 10. d5 cxd5 11. exd5 e5 12. Nd4 Ne7 13. Nc6 Qd7 14. Bb5 Qc7 15. Nxe5+
Nd7 16. Nc6 Bf6 17. Rae1 a6 18. Nxe7 axb5 19. Nxb5 1-0

[Event "Volga 2012"]
[Site "?"]
[Date "2013.01.06"]
[Round "7.17"]
[White "Logunova, Elizaveta."]
[Black "Golubchikov, Alexey."]
[Result "0-1"]
[WhiteElo "1618"]
[BlackElo "1793"]
[PlyCount "72"]

1. d4 Nf6 2. Nf3 d5 3. Bf4 c6 4. e3 Qb6 5. Qc1 Bf5 6. c4 dxc4 7. Bxc4 e6 8. O-O
Nbd7 9. Nc3 Be7 10. Qd2 O-O 11. Rfe1 Ne4 12. Nxe4 Bxe4 13. Ne5 Nxe5 14. Bxe5
Bb4 15. Qe2 Bxe1 16. Rxe1 Bd5 17. Bxd5 cxd5 18. Rc1 Rac8 19. Qd2 Rc6 20. h3
Rfc8 21. Rxc6 Qxc6 22. Kh2 f6 23. Bg3 h6 24. b3 b6 25. Bh4 a5 26. Bg3 Qc2 27.
Qxc2 Rxc2 28. a3 Rb2 29. b4 axb4 30. axb4 Rxb4 31. Bd6 Rb2 32. Kg1 b5 33. Ba3
Rb1+ 34. Kh2 b4 35. Bxb4 Rxb4 36. Kg3 e5 0-1

[Event "Volga 2012"]
[Site "?"]
[Date "2013.01.06"]
[Round "8.1"]
[White "Ulanov, Alexander."]
[Black "Olisov, Andrey."]
[Result "1-0"]
[WhiteElo "2393"]
[BlackElo "2158"]
[PlyCount "68"]
[EventDate "2013.??.??"]

1. d4 Nf6 2. Nf3 g6 3. Nbd2 d5 4. e3 Bg7 5. b4 O-O 6. c4 c6 7. a4 Bf5 8. Bb2
Nbd7 9. Be2 Ne4 10. O-O Ndf6 11. Rc1 g5 12. b5 Qd6 13. Nxe4 Nxe4 14. Ne5 Rfd8
15. f3 Nf6 16. cxd5 cxd5 17. Qb3 Nd7 18. Ba3 Qe6 19. e4 Bxe5 20. dxe5 Qxe5 21.
exf5 Qxe2 22. Rfe1 Qd2 23. Rcd1 Qf4 24. Bxe7 Re8 25. Qxd5 Nb6 26. Qe4 Nxa4 27.
Qxf4 gxf4 28. f6 Nc3 29. Rd4 h6 30. Rxf4 Kh7 31. Re5 Rad8 32. Rg4 Rd1+ 33. Kf2
Rg8 34. Rxg8 Kxg8 1-0

[Event "Volga 2012"]
[Site "?"]
[Date "2013.01.06"]
[Round "8.2"]
[White "Mirzaev, Aziz."]
[Black "Triapkin, Pavel."]
[Result "1-0"]
[WhiteElo "2164"]
[BlackElo "2305"]
[PlyCount "67"]

1. d4 c5 2. d5 e6 3. c4 exd5 4. cxd5 d6 5. Nc3 Nf6 6. g3 g6 7. Bg2 Bg7 8. Nf3
O-O 9. O-O a6 10. a4 Re8 11. Nd2 Nbd7 12. e4 Ne5 13. Qc2 g5 14. Ne2 Bg4 15. f3
Bh5 16. Nc3 Qe7 17. f4 gxf4 18. gxf4 Ng6 19. Nc4 Ng4 20. h3 Bd4+ 21. Kh1 Qh4
22. Ne2 Nf2+ 23. Kh2 Bxe2 24. Qxe2 Nxf4 25. Qf3 Rxe4 26. Rxf2 Bxf2 27. Qxe4
Bg3+ 28. Kh1 Nxg2 29. Qxg2 Kh8 30. Nd2 Rg8 31. Nf3 Qe4 32. Bg5 h6 33. Bf6+ Kh7
34. Ng5+ 1-0

[Event "Volga 2012"]
[Site "?"]
[Date "2013.01.06"]
[Round "8.3"]
[White "Mironov, Vitalij"]
[Black "Beldyugin, Alexey"]
[Result "1/2-1/2"]
[WhiteElo "1883"]
[BlackElo "2063"]
[PlyCount "57"]
[EventDate "2013.??.??"]

1. d4 d6 2. c4 e5 3. d5 f5 4. Nc3 Nf6 5. Qc2 Be7 6. e4 Nxe4 7. Nxe4 fxe4 8. Ne2
O-O 9. Ng3 Na6 10. Be3 Bg5 11. Qxe4 Bxe3 12. Qxe3 Qh4 13. Be2 Bg4 14. Bxg4 Qxg4
15. Qe2 Rf4 16. Qxg4 Rxg4 17. b3 Nc5 18. O-O a5 19. f3 Rh4 20. Nf5 Rf4 21. Ng3
Rb8 22. Ne2 Rf7 23. Nc3 c6 24. Rad1 Rd8 25. Ne4 Nxe4 26. fxe4 c5 27. Rxf7 Kxf7
28. Rf1+ Kg6 29. a4 1/2-1/2

[Event "Volga 2012"]
[Site "?"]
[Date "2013.01.06"]
[Round "8.4"]
[White "Samborskiy, Vadim."]
[Black "Kolosov, Anatoliy."]
[Result "0-1"]
[WhiteElo "2110"]
[BlackElo "1912"]
[PlyCount "100"]

1. e4 Nf6 2. e5 Nd5 3. c4 Nb6 4. d4 d6 5. f4 dxe5 6. fxe5 Nc6 7. Be3 Bf5 8. Nf3
e6 9. a3 a5 10. Nc3 Be7 11. Qd2 a4 12. Qf2 Na5 13. Nd2 O-O 14. d5 f6 15. d6
fxe5 16. dxe7 Qxe7 17. Bc5 Qd7 18. Bxf8 Rxf8 19. Qc5 Qxd2+ 20. Kxd2 Nb3+ 21.
Ke3 Nxc5 22. Be2 Nb3 23. Rad1 Nd4 24. c5 Nd5+ 25. Nxd5 exd5 26. Rdf1 Nb3 27.
Bf3 c6 28. g4 Bg6 29. Bd1 d4+ 30. Ke2 Nxc5 31. Rxf8+ Kxf8 32. h4 Ke7 33. Rh3 b5
34. h5 Bf7 35. g5 Be6 36. Rh4 e4 37. Kd2 Kd6 38. g6 h6 39. Rf4 Ke5 40. Rf8 e3+
41. Ke1 Nd3+ 42. Kf1 Nxb2 43. Bf3 d3 44. Rf7 Nc4 45. Ke1 Nxa3 46. Rxg7 Nc2+ 47.
Kf1 Bh3+ 48. Kg1 e2 49. Kh2 Be6 50. Re7 e1=Q 0-1

[Event "Volga 2012"]
[Site "?"]
[Date "2013.01.06"]
[Round "8.5"]
[White "Dobrocmyslov, Artem."]
[Black "Saveliev, Dmitry."]
[Result "0-1"]
[WhiteElo "1793"]
[BlackElo "2110"]
[PlyCount "54"]

1. d4 d5 2. Nf3 Nf6 3. Bf4 e6 4. e3 Bd6 5. Bg3 Ne4 6. Bd3 Nxg3 7. hxg3 h6 8.
Nbd2 c5 9. c3 Nc6 10. Qe2 Qb6 11. O-O-O c4 12. Bc2 Bd7 13. e4 O-O-O 14. e5 Be7
15. g4 Qa5 16. Bb1 b5 17. Nf1 b4 18. Kd2 bxc3+ 19. bxc3 f6 20. g3 Rhf8 21. N1h2
fxe5 22. dxe5 Ba3 23. Rde1 Be8 24. Ke3 Qc5+ 25. Nd4 Nxd4 26. cxd4 Bc1+ 27. Rxc1
Qa3+ 0-1

[Event "Volga 2012"]
[Site "?"]
[Date "2013.01.06"]
[Round "8.6"]
[White "Nikonova, Irina."]
[Black "Lukianov, Alexander."]
[Result "0-1"]
[WhiteElo "1982"]
[BlackElo "1874"]
[PlyCount "62"]

1. d4 Nf6 2. c4 e6 3. Nf3 b6 4. g3 Bb7 5. Bg2 Be7 6. O-O O-O 7. Nc3 Ne4 8. Nxe4
Bxe4 9. Ne5 Bxg2 10. Kxg2 d6 11. Nd3 f5 12. f4 Nd7 13. Qc2 Nf6 14. Nf2 d5 15.
e3 c5 16. Rd1 Qe8 17. cxd5 Nxd5 18. e4 Nb4 19. Qb3 Qc6 20. Bd2 c4 21. Qa3 a5
22. Bxb4 axb4 23. Qf3 Ra5 24. exf5 Qxf3+ 25. Kxf3 exf5 26. Rdc1 b5 27. b3 Bf6
28. bxc4 Bxd4 29. Rab1 Rxa2 30. Nd1 Rfa8 31. Rb3 R2a3 0-1

[Event "Volga 2012"]
[Site "?"]
[Date "2013.01.06"]
[Round "8.7"]
[White "Gabunov, Fail."]
[Black "Parshakov, Vladimir."]
[Result "0-1"]
[WhiteElo "1826"]
[BlackElo "1946"]
[PlyCount "110"]

1. d4 Nf6 2. c4 e6 3. Nc3 Bb4 4. Qc2 d5 5. e3 O-O 6. Bd3 dxc4 7. Bxc4 Nbd7 8.
Nf3 c5 9. O-O b6 10. a3 Bxc3 11. bxc3 Bb7 12. Qe2 Qc7 13. Ba6 Bd5 14. Bb2 Ng4
15. e4 Bc6 16. h3 Ngf6 17. Bd3 Qb7 18. Ba6 Qc7 19. e5 Nd5 20. Rac1 b5 21. c4
bxc4 22. Bxc4 Rab8 23. dxc5 Nf4 24. Qd2 Nxh3+ 25. Kh2 Bxf3 26. gxf3 Ng5 27. Be2
Nxe5 28. Bxe5 Qxe5+ 29. f4 Qc7 30. Qd6 Qxd6 31. cxd6 Ne4 32. Rfd1 Rfd8 33. d7
Kf8 34. Ba6 Ke7 35. Bc8 Rb2 36. Rf1 Nxf2 37. Kg3 Ne4+ 38. Kh3 Rb3+ 39. Kh4 Ng3
40. f5 Nxf1 41. Rxf1 Rxa3 42. fxe6 fxe6 43. Rg1 Ra4+ 44. Kh5 Ra5+ 45. Kh4 g6
46. Rb1 h6 47. Kg3 Ra4 48. Kf3 h5 49. Rb7 g5 50. Rc7 Ra3+ 51. Kg2 h4 52. Rc4 g4
53. Rc2 h3+ 54. Kh2 Rh8 55. Rd2 g3+ 0-1

[Event "Volga 2012"]
[Site "?"]
[Date "2013.01.06"]
[Round "8.8"]
[White "Seyfutdinov, Rustam."]
[Black "Tsai, Roman."]
[Result "1-0"]
[WhiteElo "1893"]
[BlackElo "1822"]
[PlyCount "83"]

1. Nf3 c5 2. g3 Nc6 3. Bg2 Nf6 4. O-O d5 5. d3 e5 6. Nbd2 Bd6 7. e4 dxe4 8.
dxe4 O-O 9. c3 h6 10. Qe2 Qe7 11. Nc4 Bc7 12. Nfd2 Rb8 13. a4 b6 14. Ne3 Be6
15. Nd5 Qd8 16. Nxf6+ Qxf6 17. Nc4 Qg6 18. Kh1 a6 19. Ne3 Ne7 20. Qxa6 f5 21.
exf5 Nxf5 22. Qe2 Nxe3 23. Bxe3 Bf5 24. Rfd1 e4 25. Qc4+ Kh8 26. b4 Be6 27.
Qxe4 Qxe4 28. Bxe4 cxb4 29. cxb4 Be5 30. Bd4 Bxd4 31. Rxd4 Rxf2 32. Bg2 Re8 33.
Re1 Rc8 34. Rf4 Rxf4 35. gxf4 Bb3 36. a5 bxa5 37. bxa5 Rc7 38. a6 Ra7 39. Re8+
Kh7 40. Be4+ g6 41. Ra8 Re7 42. a7 1-0

[Event "Volga 2012"]
[Site "?"]
[Date "2013.01.06"]
[Round "8.10"]
[White "Abdurahmanov, Afer."]
[Black "Nikitin, Dmitry."]
[Result "0-1"]
[WhiteElo "1697"]
[BlackElo "1783"]
[PlyCount "72"]

1. g3 e5 2. Bg2 d5 3. c4 c6 4. cxd5 cxd5 5. Qb3 Nf6 6. Nc3 e4 7. f3 d4 8. Nxe4
Be7 9. Nxf6+ Bxf6 10. f4 Nc6 11. Nf3 O-O 12. O-O Re8 13. Re1 Rb8 14. e4 d3 15.
e5 Be7 16. a3 Be6 17. Qc3 Rc8 18. b4 Nxb4 19. Qb2 Nc2 20. Rb1 Nxe1 21. Nxe1
Bc5+ 22. Kf1 Bb6 23. Be4 Bh3+ 24. Ng2 Rc2 25. Qb5 Qc8 26. Qxd3 Rxc1+ 27. Ke2
Rxb1 28. Qxb1 Bxg2 29. Bxg2 Qc5 30. Bxb7 Qf2+ 31. Kd1 Qf1+ 32. Kc2 Qxb1+ 33.
Kxb1 Bg1 34. Kc2 Bxh2 35. Kd3 Bxg3 36. Ke4 g5 0-1

[Event "Volga 2012"]
[Site "?"]
[Date "2013.01.06"]
[Round "8.15"]
[White "Breskanu, Nikita."]
[Black "Liadov, Anton."]
[Result "0-1"]
[WhiteElo "1442"]
[BlackElo "1655"]
[PlyCount "86"]

1. d4 d5 2. c4 e5 3. dxe5 d4 4. Nf3 Nc6 5. e4 Bb4+ 6. Bd2 Bxd2+ 7. Nbxd2 Bg4 8.
Be2 d3 9. Bf1 Nxe5 10. Qb3 Bxf3 11. gxf3 Ne7 12. Rg1 N7g6 13. Qc3 Qf6 14. Rg3
Nf4 15. Qb3 O-O-O 16. Bh3+ Kb8 17. a4 Ne2 18. Bg2 Nd4 19. Qa2 Nc2+ 20. Kd1 Nxa1
21. Qxa1 g6 22. b4 Nd7 23. Qa3 Qd4 24. Ke1 Ne5 25. c5 Nc4 26. Qa2 Nxd2 27. Qxd2
Qa1+ 28. Qd1 d2+ 29. Ke2 Qxd1+ 30. Kxd1 Rd4 31. b5 Rhd8 32. Rg5 Rxa4 33. Rd5
Ra1+ 34. Kxd2 Rxd5+ 35. exd5 Rg1 36. Bh3 f5 37. Ke3 Rd1 38. Kf4 Rxd5 39. Kg5 a5
40. bxa6 bxa6 41. Kh6 Rd7 42. c6 Rd6 43. Kxh7 Rxc6 0-1

[Event "Volga 2012"]
[Site "?"]
[Date "2013.01.06"]
[Round "8.16"]
[White "Makarenko, Vladimir."]
[Black "Sounov, Batyr."]
[Result "0-1"]
[WhiteElo "1958"]
[BlackElo "1886"]
[PlyCount "92"]

1. e4 c5 2. f4 Nc6 3. Nc3 e6 4. Nf3 d5 5. e5 a6 6. a4 Nge7 7. Be2 Nf5 8. d3 Be7
9. O-O h5 10. Bd2 b6 11. Qe1 Bb7 12. Nd1 Ncd4 13. Nxd4 Nxd4 14. Ne3 g6 15. Bd1
Qc7 16. c3 Nf5 17. Rc1 h4 18. d4 O-O-O 19. b4 c4 20. Bg4 Kb8 21. Rf3 Bc8 22.
Rh3 Rdg8 23. Qe2 Ka7 24. Kf2 f6 25. Rg1 fxe5 26. dxe5 Rf8 27. Bxf5 gxf5 28. Nc2
Bd7 29. Nd4 Qc8 30. b5 Bc5 31. Be3 Rfg8 32. a5 axb5 33. axb6+ Kxb6 34. Qb2 Kb7
35. Nxb5 Bxe3+ 36. Rxe3 Qc6 37. Nd6+ Kc7 38. Ra1 Ra8 39. Rxa8 Rxa8 40. Rh3 Qc5+
41. Kf3 Rb8 42. Qa1 Rb3 43. Ke2 Qb6 44. Re3 d4 45. cxd4 Rb2+ 46. Kf1 Rb1+ 0-1

[Event "Volga 2012"]
[Site "?"]
[Date "2013.01.07"]
[Round "9.1"]
[White "Mirzaev, Aziz."]
[Black "Ulanov, Alexander."]
[Result "1-0"]
[WhiteElo "2164"]
[BlackElo "2393"]
[PlyCount "65"]

1. Nf3 Nf6 2. d4 e6 3. g3 b5 4. Bg2 Bb7 5. O-O Be7 6. a4 b4 7. Nbd2 O-O 8. Re1
d5 9. c4 bxc3 10. bxc3 c5 11. c4 cxd4 12. Nxd4 Bc5 13. N2b3 Bb4 14. Bd2 Bxd2
15. Nxd2 e5 16. Rb1 Qd7 17. Qb3 Bc6 18. Nxc6 Nxc6 19. cxd5 Nd4 20. Qa2 Rac8 21.
Nc4 Qc7 22. Rbc1 Rcd8 23. e3 Nf5 24. Qb2 e4 25. Red1 Rfe8 26. d6 Qc6 27. Ne5
Qb6 28. Qxb6 axb6 29. d7 Rf8 30. Rc2 Ne7 31. Rcd2 g5 32. Rd6 Kg7 33. Bf1 1-0

[Event "Volga 2012"]
[Site "?"]
[Date "2013.01.07"]
[Round "9.2"]
[White "Lukianov, Alexander."]
[Black "Saveliev, Dmitry."]
[Result "0-1"]
[WhiteElo "1874"]
[BlackElo "2109"]
[PlyCount "66"]

1. e4 e5 2. Nf3 Nc6 3. Bc4 Bc5 4. c3 Nf6 5. d4 exd4 6. cxd4 Bb4+ 7. Nc3 Nxe4 8.
O-O Bxc3 9. d5 Bf6 10. Re1 O-O 11. Rxe4 Na5 12. Bd3 b6 13. Qc2 d6 14. Rf4 h6
15. Bd2 Nb7 16. Nd4 Bxd4 17. Rxd4 Nc5 18. Bh7+ Kh8 19. Rc4 f5 20. Bg6 Ba6 21.
Rc3 Qf6 22. Rg3 Ne4 23. Bc3 Qh4 24. Rh3 Qg5 25. Bh5 Nxc3 26. Qxc3 f4 27. Bf3
Rae8 28. Re1 Qf6 29. Rxe8 Rxe8 30. Qd2 Qxb2 31. Qd1 Qe5 32. g3 Qe1+ 33. Kg2
Bf1+ 0-1

[Event "Volga 2012"]
[Site "?"]
[Date "2013.01.07"]
[Round "9.3"]
[White "Kolosov, Anatoliy."]
[Black "Beldyugin, Alexey."]
[Result "1-0"]
[WhiteElo "1912"]
[BlackElo "2063"]
[PlyCount "59"]

1. e4 d6 2. Nf3 Nf6 3. Nc3 g6 4. d4 Bg7 5. Be2 O-O 6. O-O Nbd7 7. Bg5 h6 8. Bh4
c6 9. Re1 b5 10. Bd3 g5 11. Bg3 Nh5 12. e5 Nxg3 13. exd6 exd6 14. hxg3 b4 15.
Ne4 d5 16. Nd6 Nb6 17. Nf5 Bxf5 18. Bxf5 Nc4 19. Ne5 Qd6 20. f4 Nxb2 21. Qh5
Nc4 22. Rad1 c5 23. Ng4 Rae8 24. fxg5 Qxg3 25. Rxe8 Rxe8 26. Nxh6+ Bxh6 27.
Qxh6 Qe3+ 28. Kh1 Re6 29. Bh7+ Kh8 30. Bg6+ 1-0